000 00869cam a2200289 a 4500
001 117665
003 GBCCL
005 20241126110352.0
008 751201s1975 miu b 001 0 eng d
020 _a0944355242
035 _a(OCoLC)ocm01865882
040 _aSPI
_cSPI
_dLBB
049 _aLBBK
082 _a220.52
_bWHI
090 _aBS186
_b.F8 1975
092 _a220.52
_bFULL, 1975
100 1 _aFuller, David Otis,
_d1903-
_eed.
_91801
245 1 0 _aWhich Bible? /
_cedited by David Otis Fuller.
250 _a5th ed.
260 _aGrand Rapids :
_bGrand Rapids International Publications,
_cc1975.
300 _a350 p. ;
_c21 cm.
504 _aIncludes bibliographical references and index.
630 0 0 _aBible.
_lEnglish
_xVersions
_xAuthorized.
_91802
630 0 0 _aBible
_xVersions.
_91803
630 0 0 _aBible
_xCriticism, Textual.
_91804
942 _2ddc
_cBK
999 _c1040
_d1040